000 00470nam a2200157 i 4500
001 76338
003 ES-MaACL
007 t|
008 040930s1955 sp ||||1| spa d
100 1 _aGrosser, Alfred.
_960177
245 1 0 _aDiez años de Alemania
_b: 1945-1954 /
_cAlfred Grosser.
260 _a[S.l. :
_bs.n.,
_c1955] (
_fSucs. de J. Sánchez de Ocaña)
300 _a317 p. ;
_c22 cm.
852 _aES-MaACL
_jC-9103
_bR.36887
852 _aES-MaACL
_jC-9544
_bR.37461
999 _c76338
_d76338